Ťažiskové problémy marketingu malej firmy

Podstata a význam marketingu v malej firme. Začlenenie a organizácia marketingových činností. Marketingová stratégia a marketingový plán. Marketingová komunikácia a obchodná činnosť malých podnikov. Vzdelávanie a rozvoj malých podnikateľov.

Guardado en:
Detalles Bibliográficos
Autor principal: Grančičová, Katarína, 1967-
Formato: Capítulo de libro
Lenguaje:eslovaco
Materias:
Etiquetas: Agregar Etiqueta
Sin Etiquetas, Sea el primero en etiquetar este registro!

MARC

LEADER 00000naa$a2200000$$$4500
001 0120313
005 20240502072340.9
041 0 |a slo 
044 |a SK 
245 1 0 |a Ťažiskové problémy marketingu malej firmy  |c Katarína Grančičová 
520 |a Podstata a význam marketingu v malej firme. Začlenenie a organizácia marketingových činností. Marketingová stratégia a marketingový plán. Marketingová komunikácia a obchodná činnosť malých podnikov. Vzdelávanie a rozvoj malých podnikateľov. 
610 2 0 |a marketing 
610 2 0 |a podnik malý 
610 2 0 |a podnikanie 
610 2 0 |a podnikatelia 
610 2 0 |a stratégia podnikateľská 
610 2 0 |a plán podnikateľský 
610 2 0 |a riziko podnikateľské 
610 2 0 |a marketing mix 
610 2 0 |a inovácia 
610 2 0 |a vzdelávanie 
610 2 0 |a konkurencia 
100 1 |a Grančičová, Katarína, 1967-